El Japón y sus épocas literarias
Sparad:
| Huvudupphovsmän: | , |
|---|---|
| Materialtyp: | Bok |
| Språk: | spanska |
| Publicerad: |
Ciudad de México
Fondo de Cultura Económica
1986
|
| Serie: | Breviarios del Fondo de Cultura Económica, 420
|
| Ämnen: | |
| Taggar: |
Lägg till en tagg
Inga taggar, Lägg till första taggen!
|
MARC
| LEADER | 00000nam a2200000 a 4500 | ||
|---|---|---|---|
| 001 | UCX2407 | ||
| 003 | CL-VaPUC | ||
| 008 | 910513e19860000MX |||||||||||||||||spa|d | ||
| 082 | 0 | 4 | |a 895.609 |b PIG |2 21 |
| 100 | 0 | |a Pigeot, Jacqueline |e author |9 318334 | |
| 700 | 0 | |a Tschudin, Jean Jacques |e author |9 318335 | |
| 245 | 1 | 3 | |a El Japón y sus épocas literarias |
| 300 | |a 176 p | ||
| 942 | |c BK | ||
| 945 | |d 19910513 00:00:00 | ||
| 260 | |a Ciudad de México |b Fondo de Cultura Económica |c 1986 | ||
| 650 | 0 | |a Literatura japonesa |9 266543 | |
| 650 | 0 | |a Historia y crítica |9 257407 | |
| 583 | |a last modification |c 19910513 00:00:00 |k Rodrigo Vera | ||
| 490 | 0 | |a Breviarios del Fondo de Cultura Económica, 420 | |
| 999 | |c 223437 |d 223435 | ||
| 952 | |0 0 |1 0 |4 0 |6 895_609000000000000_PIG_1986 |7 0 |8 A |9 219217 |a BIBGIM |b BIBGIM |d 2019-11-15 |i 2879816 |o 895.609 PIG 1986 |p 2879816 |r 2025-01-15 |w 2019-11-15 |y BK |k ORI | ||